| 000 | 01198nam0a2200325 i 4500 | ||
|---|---|---|---|
| 001 | RU\NLR\BIBL_A\010829950 | ||
| 005 | 20260407070813.0 | ||
| 010 |
_a9785386086909 _910000 |
||
| 021 |
_aRU _b15-56658 |
||
| 035 | _a(NILC)RuMoRGB-007986368 | ||
| 035 | _a(NLR Aleph) 010829950 | ||
| 090 |
_a10283323 _c10283323 |
||
| 100 | _a20150907d2015 u y0rusy50 ca | ||
| 101 | 1 |
_arus _cfre |
|
| 102 | _aRU | ||
| 105 | _ay|||z|||000ay | ||
| 200 | 1 |
_aДобро пожаловать в рай _e[жизнь - это всего лишь часть пути. Пора перейти на следующий уровень] _fБернар Вербер _g[пер. с фр. М. Рожновой] |
|
| 210 |
_aМосква _cРИПОЛ классик _d2015 |
||
| 215 |
_a220, [1] с. _d18 см |
||
| 225 | 1 | _aБернар Вербер в твоем кармане | |
| 333 | _a16+ | ||
| 675 | _a821.133.1 | ||
| 686 | 1 | _aШ6(4Фр)67-440.4{Лх1649-50} | |
| 700 | 1 |
_7ca _8rus _aВербер _bБ. _f1961- _gБернар _3RU\NLR\AUTH\770178439 _9178388 |
|
| 801 | 0 |
_aRU _bРГБ _c20150729 _gRCR |
|
| 942 | _cBOOK | ||
| 980 | _aNBR | ||